000 00592nam a2200181 i 4500
001 74829
003 ES-MaACL
005 20230906172247.0
007 t|
008 040921q19101919fr ||||1| fre d
100 1 _aGourmont, Rémy de (
_d1858-1916)
_959362
245 1 0 _aEsthétique de la langue française
_b: la déformation, la métaphore , le cliché, le vers libre, le vers populaire /
_cRemy de Gourmont.
250 _a9eme ed.
260 _aParís :
_bMercure de France,
_c[191-?]
300 _a343 p. ;
_c19 cm.
650 4 _aLengua francesa.
_9140408
852 _aES-MaACL
_jG-8589
999 _c74829
_d74829